000 00346cam a2200145ua 4500
003 OSt
008 240325b |||||||| |||| 00| 0 eng d
041 _amal
082 _a894.812 4
_bGOW/SW
245 0 0 _aSwatanthriavum Samskaravum /
250 _a1 /
260 _aKuttipuram :
_bGautama Publications ,
_c1964.
300 _a205 ; .
942 _cBK
999 _c331
_d331